Эксплуатация и ремонт машин и оборудования нефтяных и газовых промыслов / ДО 2015: электронный курс

Detalles Bibliográficos
Autor Principal: Зиякаев Г. Р. Григорий Ракитович
Autor Corporativo: Национальный исследовательский Томский политехнический университет Инженерная школа природных ресурсов Отделение нефтегазового дела
Summary:Заглавие с экрана
Целями и задачами освоения дисциплины в области обучения, воспитания и развития являются: заложить основу для развития профессиональных и личностных навыков студента; сформировать набор базовых знаний (теоретическая подготовка), необходимых для решения инженерных задач в процессе практической деятельности на основе принципа неразрывного единства теоретического и практического обучения; формирование знания назначения машин и оборудования, используемых при добыче, подготовке, транспортировке и хранении нефти и газа, условий их эксплуатации и основных требований к ним; формирование знания теории действия машин по вопросам, связанным с их применением, номенклатурой, основными параметрами, конструктивными особенностями и методами испытаний. Дисциплина входит в профессиональный цикл дисциплин учебного плана подготовки бакалавров по направлению 21.03.01 «Нефтегазовое дело» и является одной из базовых, формирующих профиль «Машины и оборудование нефтяных и газовых промыслов».
Доступ по логину и паролю
Idioma:ruso
Publicado: Томск, TPU Moodle, 2020
Subjects:
Acceso en liña:https://design.lms.tpu.ru/course/view.php?id=3450
Formato: MixedMaterials Electrónico Libro
KOHA link:https://koha.lib.tpu.ru/cgi-bin/koha/opac-detail.pl?biblionumber=666211

MARC

LEADER 00000nlm0a2200000 4500
001 666211
005 20231226110356.0
035 |a (RuTPU)RU\TPU\network\37415 
035 |a RU\TPU\network\37413 
090 |a 666211 
100 |a 20211210d2020 m y0rusy50 ca 
101 0 |a rus 
102 |a RU 
105 |a a j 000zy 
135 |a jrcn ---uucaa 
181 0 |a i  
182 0 |a b 
200 1 |a Эксплуатация и ремонт машин и оборудования нефтяных и газовых промыслов / ДО 2015  |e электронный курс  |f Г. Р. Зиякаев  |g Национальный исследовательский Томский политехнический университет, Инженерная школа природных ресурсов, Отделение нефтегазового дела 
203 |a Текст  |c электронный 
210 |a Томск  |c TPU Moodle  |d 2020 
300 |a Заглавие с экрана 
330 |a Целями и задачами освоения дисциплины в области обучения, воспитания и развития являются: заложить основу для развития профессиональных и личностных навыков студента; сформировать набор базовых знаний (теоретическая подготовка), необходимых для решения инженерных задач в процессе практической деятельности на основе принципа неразрывного единства теоретического и практического обучения; формирование знания назначения машин и оборудования, используемых при добыче, подготовке, транспортировке и хранении нефти и газа, условий их эксплуатации и основных требований к ним; формирование знания теории действия машин по вопросам, связанным с их применением, номенклатурой, основными параметрами, конструктивными особенностями и методами испытаний. Дисциплина входит в профессиональный цикл дисциплин учебного плана подготовки бакалавров по направлению 21.03.01 «Нефтегазовое дело» и является одной из базовых, формирующих профиль «Машины и оборудование нефтяных и газовых промыслов». 
333 |a Доступ по логину и паролю 
606 1 |a Нефтегазопромысловое оборудование  |2 stltpush  |3 (RuTPU)RU\TPU\subj\69607  |9 84378 
610 1 |a электронный ресурс 
610 1 |a труды учёных ТПУ 
610 1 |a электронное обучение 
610 1 |a электронные курсы ТПУ 
610 1 |a электронные учебные пособия 
610 1 |a учебные пособия 
610 1 |a дистанционное образование 
610 1 |a дистанционное обучение 
675 |a 622.276.05(075.8)  |v 3 
700 1 |a Зиякаев  |b Г. Р.  |c специалист в области машиностроения  |c доцент Томского политехнического университета, кандидат технических наук  |f 1975-  |g Григорий Ракитович  |3 (RuTPU)RU\TPU\pers\25576  |9 11506 
712 0 2 |a Национальный исследовательский Томский политехнический университет  |b Инженерная школа природных ресурсов  |b Отделение нефтегазового дела  |3 (RuTPU)RU\TPU\col\23546 
801 2 |a RU  |b 63413507  |c 20220708  |g RCR 
856 4 |u https://design.lms.tpu.ru/course/view.php?id=3450 
942 |c CF